| 000 | 00718nam a2200217Ia 4500 | ||
|---|---|---|---|
| 003 | GCL | ||
| 008 | 140319s9999 xx 000 0 ara d | ||
| 040 |
_aGCL / _cGCL |
||
| 082 | 0 | 4 |
_a649 _bم ت |
| 100 | 1 | _aوزارة الثقافة والاعلام | |
| 245 | 1 | 0 |
_aتكوين الجنين / _cوزارة الثقافة والاعلام |
| 700 | 1 | _aمحمود حياوى حماش | |
| 260 |
_a[S.N] : _bوزارة الثقافة والاعلام ، _c1988 |
||
| 300 | _a147 ص | ||
| 490 |
_aموسوعة علوم سلسلة كتاب الثقافة العلمية _v0 |
||
| 650 | 0 | 4 | _aفسيولوجيا |
| 650 | 0 | 4 | _aالعلم |
| 650 | 0 | 4 | _aالتكاثر |
| 650 | 0 | 4 | _aعلم الاجنة |
| 942 |
_2ddc _cBK |
||
| 999 |
_c39638 _d39638 |
||